De l'ame
Сохранить в:
| Главный автор: | |
|---|---|
| Формат: | |
| Язык: | французский |
| Опубликовано: |
París
Societe d edition Les Belles lettres
1966
|
| Серии: | Collection des Universites de France
|
| Предметы: | |
| Метки: |
Добавить метку
Нет меток, Требуется 1-ая метка записи!
|
MARC
| LEADER | 00000nam a2200000 a 4500 | ||
|---|---|---|---|
| 001 | UCW0117 | ||
| 003 | CL-VaPUC | ||
| 008 | 890807e19660000FR |||||||||||||||||fre|d | ||
| 082 | 0 | 4 | |a 185 |b ARI |2 21 |
| 100 | |a Aristóteles, |d 384 a.C.- 322 a.C. |e author |9 194 | ||
| 245 | 1 | 0 | |a De l'ame |
| 300 | |a 118 p | ||
| 942 | |c BK | ||
| 945 | |d 19890807 00:00:00 | ||
| 260 | |a París |b Societe d edition Les Belles lettres |c 1966 | ||
| 600 | 0 | |a Aristóteles, |d 384 a.C.- 322 a.C. |9 194 | |
| 650 | 0 | |a Filosofía antigua |9 255705 | |
| 583 | |a last modification |c 19890807 00:00:00 |k Rodrigo Vera | ||
| 490 | 0 | |a Collection des Universites de France | |
| 999 | |c 215356 |d 215354 | ||
| 952 | |0 0 |1 0 |4 0 |6 185_000000000000000_ARI_1966 |7 0 |8 P |9 199588 |a BIBEDU |b BIBEDU |c BIBEDU_PB |d 2019-11-14 |i 1509985 |o 185 ARI 1966 |p 1509985 |r 2024-01-25 |w 2019-11-14 |y BK |k FIL | ||
| 952 | |0 0 |1 0 |4 0 |6 185_000000000000000_ARI_1966 |7 0 |8 P |9 199589 |a BIBEDU |b BIBEDU |c BIBEDU_PB |d 2019-11-14 |i 1509993 |o 185 ARI 1966 |p 1509993 |r 2024-01-25 |w 2019-11-14 |y BK |k FIL | ||